000 00310nam a22001457a 4500
008 210309b ||||| |||| 00| 0 eng d
020 _a9780785408598
041 _aeng
080 _a82
082 _a82
100 _a21
101 _aGJL
245 _aEnglish for the World of Work
_cAGS
942 _2udc
_cBK
999 _c56038
_d56038